000 01497nam a22003850a 4500
001 PT3480
003 AR-LpoUNG
005 20210131231430.0
008 191001s1986||||ag |||||||||||||||||spa d
020 _a9505817916
_c$60
040 _aAR-LpoUNG
_bspa
_cAR-LpoUNG
_eaacr
041 _aspa
044 _aag
082 0 _a982.065 634igl
100 1 _aMignone, Emilio Fermín
245 1 0 _aIglesia y Dictadura :
_bel papel de la iglesia a la luz de sus relaciones con el régimen militar
250 _a1º edición
260 _aBuenos Aires :
_bEdiciones del Pensamiento Nacional,
_c1986.
300 _a284 p. :
_bgráfs.
520 _aLa argentina ha entrado en un saludable debate sobre lo acontecido en la década de 1970, hasta la restauración, en 1983, del sistema constitucional. En ese intercambio no puede estar ajeno el papel desempeñado por la Iglesia católica y en particular por su jerarquía. Ello es indispensable para el país y para la Iglesia, que necesita desarrollar cada vez más una opinión pública interna donde se expongan los distintos criterios con racionalidad y decoro.
650 4 _aARGENTINA
650 4 _aCLERO
650 4 _aESTADO
650 4 _aFUERZAS ARMADAS
650 4 _aIDEOLOGIAS
650 4 _aIGLESIA
650 4 _aPARTICIPACION SOCIAL
650 4 _aPARTIDOS POLITICOS
650 4 _aPOLITICA
650 4 _aRELACION GOBIERNO FUERZAS ARMADAS
650 4 _aREVOLUCION
651 4 _aArgentina
905 _a3480
942 _cLIB
999 _c9972
_d9972